| 000 | 00344nam a2200145Ia 4500 | ||
|---|---|---|---|
| 005 | 20251222152702.0 | ||
| 008 | 251222s9999||||xx |||||||||||||| ||spa|| | ||
| 020 | _a8422626594 | ||
| 082 | _a823.914/J19 | ||
| 100 | _aJames, P. D. | ||
| 245 | 0 | _aMortaja para un Ruiseñor | |
| 250 | _a1ra.ed. | ||
| 264 | _bCírculo de Lectores | ||
| 942 | _cLIB | ||
| 999 |
_c28884 _d28884 |
||